Nador International Airport Destinations (Nador, Morocco) - Statistics

General Stats
  • This quiz has been taken 37 times
    12 since last reset
  • The average score is 15 of 31
Answer Stats
Airline Destination % Correct
Air Arabia/Royal Air Maroc Amsterdam
100%
Air Arabia/Brussels Airlines/Royal Air Maroc/TUI fly Belgium Brussels
100%
TUI fly Belgium Antwerp
86%
Air Arabia/Royal Air Maroc/Ryanair Barcelona
86%
Royal Air Maroc Casablanca
86%
Ryanair Charleroi
86%
Corendon Airlines/Eurowings/Royal Air Maroc Düsseldorf
86%
Air Arabia/Iberia/Royal Air Maroc/Ryanair Madrid
86%
Royal Air Maroc Frankfurt
71%
TUI fly Belgium Liège
71%
Azores Airlines Lisbon
71%
Transavia Paris (Orly)
71%
Air Arabia/Royal Air Maroc Tangier
57%
Iberia Alicante
43%
Air Arabia/Corendon Airlines/Eurowings Cologne/Bonn
43%
Eurowings Hamburg
43%
Iberia/Ryanair Málaga
43%
Air Horizont Porto
43%
Smartwings Prague
43%
Air Arabia Rabat
43%
TUI fly Belgium Eindhoven
29%
Ryanair Marseille
29%
Air Arabia/Iberia Palma de Mallorca
29%
Corendon Airlines/Royal Air Maroc/Transavia/TUI fly Belgium Rotterdam/The Hague
29%
Ryanair Beauvais
14%
Air Arabia/Ryanair Hahn
14%
Ryanair Weeze
14%
Air Arabia Montpellier
0%
Air Arabia Murcia
0%
Air Arabia Strasbourg
0%
Ryanair Toulouse
0%
No matching quizzes found
Score Distribution
Percent of People with Each Score
Percentile by Number Answered
Your Score History
You have not taken this quiz since the last reset